000 00329nam a2200133Ia 4500
005 20251222155106.0
008 251222s9999||||xx |||||||||||||| ||spa||
082 _aSIC.78
100 _aCorporación técnica
245 0 _aEmprendiendo acciones educativas con adolescentes
250 _a1ra. ed.
264 _bGTZ
942 _cLIB
999 _c37849
_d37849